แสดงรายละเอียดบรรณานุกรม
  กลับหน้าหลัก

Brief Record : Get Marc (ISO 2709) : E-mail record : QR code ปิดหน้าต่าง
E-books : เกี่ยวกับ Collections
LEADER 00000nam 2200000uu 4500
001    210639
003     ULIBM
008    020711s2557 th a 000 0 tha d
020    978-616-91417-4-7
060    WE544 E56 2557
245    Encore rheumatology/^cบรรณาธิการ,นันทนา กสิตานนท์,ไพจิตร์ อัศวธนบดี,ปวีณา เชี่ยวชาญวิศวกิจ
250    พิมพ์ครั้งที่ 1
260    กรุงเทพฯ :^bสมาคมรูมาติสซั่มแห่งประเทสไทย,^c2557
300    478 หน้า :^bภาพประกอบ ;^c26 ซม.
650    รูมาติก
650  0 รูมาติสซั่ม
650  0 ข้อ^xโรค
650  0 Rheumatic
999    ^aใช้งานได้ทุกระบบ
รายการนี้ยังไม่มีแท็ก
คุณยังไม่ได้ล็อกอิน คุณสามารถมีกิจกรรมร่วมกับเว็บไซต์ได้ แต่ต้องล็อกอินก่อน ::
  ล็อกอิน
ลำดับที่ ประเภท เลขเรียก สถานที่ สถานะ
1. การพยาบาล (ตำราหลัก)
การพยาบาล (ตำราหลัก)
WE544 E56 2557 c.1 
  
การพยาบาลผู้ใหญ่ On Shelf
  ขอยืม
2. การพยาบาล (ตำราหลัก)
การพยาบาล (ตำราหลัก)
WE544 E56 2557 c.2 
  
การพยาบาลผู้ใหญ่ On Shelf
  ขอยืม
3. การพยาบาล (ตำราหลัก)
การพยาบาล (ตำราหลัก)
สถานะ=หนังสือเก่า - บริการ ณ ห้องสมุด (ห้องเหลือง)
WE544 E56 2557 c.3 
  
ห้องสมุด หอพักนักศึกษา (ห้องเหลือง) On Shelf
  ขอยืม
4. การพยาบาล (ตำราหลัก)
การพยาบาล (ตำราหลัก)
WE544 E56 2557 c.4 
  
การพยาบาลผู้ใหญ่ On Shelf
  ขอยืม
5. การพยาบาล (ตำราหลัก)
การพยาบาล (ตำราหลัก)
WE544 E56 2557 c.5 
  
การพยาบาลผู้ใหญ่ On Shelf
  ขอยืม
   [แสดง 5/5 รายการ]

รายการใกล้เคียง
    หัวเรื่อง [รูมาติสซั่ม]
    หัวเรื่อง [ข้อ โรค]

BibComment


ยังไม่เคยถูกคอมเมนท์

คอมเมนท์ทรัพยากรรายการนี้
  คอมเมนท์: Encore rheumatolo..
Bib 210639

 
 
 

 Union Library Management : ULibM
Copyright 2026. All Rights Reserved.
скачать бесплатно без регистрации порно красивый секс HD Sex Hindi sex

xxx gou

xxxx

bfxxx

xxxwww

Секса Видео

xxxx

Секса Видео

detube

geilexxx

C99 Shell

worms shell

blod xxx video
Ebony Coed Rihanna Rimes Takes A Dick In Her Young Twat priyaa indian fuck anal and pusssy hardcore indian women xxx desi hardcore fucking part 1 bengalixxxcouple